Poesía : Juegos florales centroamericanos
Salvato in:
| Autori principali: | , , |
|---|---|
| Natura: | Sconosciuto |
| Pubblicazione: |
Quetzaltenango, Guatemala:
Sin lugar,
1975
|
| Soggetti: | |
| Tags: |
Aggiungi Tag
Nessun Tag, puoi essere il primo ad aggiungerne!!
|
MARC
| LEADER | 000000000a22000000004500 | ||
|---|---|---|---|
| 001 | 000909 | ||
| 041 | 0 | |a español | |
| 092 | 0 | |a A861.08 P745p | |
| 100 | 1 | |a Pivaral Peralta, Rafael | |
| 100 | 1 | |a Ritter Aislán, Eduardo | |
| 100 | 1 | |a Del Trigal, Andrés | |
| 245 | 1 | 0 | |a Poesía : Juegos florales centroamericanos |
| 260 | |a Quetzaltenango, Guatemala: |b Sin lugar, |c 1975 | ||
| 300 | |a 19 páginas, + 1 plegable. (8 hojas.) | ||
| 500 | |a Número de inscripción 02916 -- "Responsable de la edición: Julio César Álvarez" | ||
| 650 | 4 | |a LITERATURA CENTROAMERICANA | |
| 650 | 4 | |a POESIA | |
| 650 | 4 | |a PIVARAL PERALTA, RAFAEL | |
| 650 | 4 | |a RITTER AISLAN, EDUARDO | |
| 650 | 4 | |a COLECCIONES | |
| 999 | |c 1682 |d 1682 | ||
